| 000 | 00558nab a2200145Ia 4500 | ||
|---|---|---|---|
| 003 | ES-SlBCS | ||
| 005 | 20210601151037.0 | ||
| 008 | 140529s2013 xxu||||| |||| 00| 0 spa d | ||
| 041 | _aspa | ||
| 100 | 1 |
_aMuñoz-Comet, Jacobo _9329471 |
|
| 245 | 0 | 0 |
_aLa salida del desempleo de extranjeros y españoles. Efectos del contexto económico _c Jacobo Muñoz Comet |
| 650 | 0 | 4 |
_aAsimilación _9192047 |
| 773 | 0 |
_tRevista Española de Investigaciones Sociologicas. Antes: Revista Española de la Opinión Pública _gnº. 142, 2013, págs. 45-68 _wRev344 |
|
| 942 | _cAR | ||
| 999 |
_c750890 _d750890 |
||